000
00216 a2200097 4500
001
58593
100
_a
245
_a
Boundry Element methods in solid mechanics
260
_a
G.B
_b
Unwin
_c
1990
090
_c
35947
_d
35947
942
_a
NUST-CAE
_c
_c
28832
999
_c
293666
_d
293666